| 000 | 00621nam a22002057a 4500 | ||
|---|---|---|---|
| 005 | 20251108173041.0 | ||
| 008 | 250721s1958 xx 000 0 ara d | ||
| 082 | 1 | 4 | _a822.973/ترد |
| 100 | 1 | _aتردويل، صوفي | |
| 245 | 1 | 0 | _aالآلة البشرية : مسرحية تعبيرية / |
| 246 | 1 | 1 | _aMACHINAL |
| 264 |
_bدار مصر للطباعة، _c1958. |
||
| 300 | _a176ص | ||
| 490 | 0 |
_aمكتبة الفنون الدرامية \n _v21 |
|
| 650 | 1 | 7 | _aالأدب الأمريكي |
| 650 | 1 | 7 | _aالمسرحيات |
| 700 | 1 |
_aالمشري، أنور _etran. |
|
| 942 |
_2ddc _cBK |
||
| 999 |
_c94901 _d94901 |
||